000 00374nam a22001577a 4500
003 OSt
005 20240213153103.0
008 190911b xxu||||| |||| 00| 0 eng d
020 _a9781543342758
040 _cIIMT UNIVERSITY
100 _aDR.WANI .I
245 _aPHARMACENTICAL MICROBIOLOGY
260 _aNEW DELHI
_bPEE VEE PUB
_c2018
300 _a56
942 _2ddc
_c01
999 _c49007
_d49007